A-Z: Biggest North American cities by last letter - Statistics

General Stats
  • This quiz has been taken 9 times
  • The average score is 14 of 26
Answer Stats
Ends in: Clue Answer % Correct
I The world's busiest cruise port Miami
100%
X Arizona's state capital Phoenix
100%
A This former capital might ring a bell Philadelphia
89%
H Former hub for cowboys near Dallas Fort Worth
89%
L Ran motel badly in a city of Quebec Montreal
89%
G The capital of the Canadian province of Manitoba Winnipeg
89%
M City of magic in south California Anaheim
78%
O Metropolis which has only the river in the world that permanently flows backward Chicago
78%
D The modern gas mask was invented in this Ohio city Cleveland
78%
T Michigan city whose name is French for a strait Detroit
78%
F Arizona city on route 66, where workers may be starting to tire Flagstaff
78%
S Metropolis where legal noses are put out Los Angeles
67%
Y High-altitude megacity Mexico City
67%
N US city associated with a famous mission Houston
56%
K The largest which ends in K, based on empirical data New York
56%
R The capital of a country which uses the US dollar as its currency San Salvador
44%
Z Port of the true cross in eastern Mexico Veracruz
33%
B Blake returned to Illinois town named after a soldier born in Franconia, Germany DeKalb
22%
E Port which was the centre of the former Xaragua chiefdom Port-au-Prince
22%
C Mexican municipality whose name comes from the Nahuatl language Ecatepec
22%
W City of Saskatchewan named after the body part of an elk Moose Jaw
22%
V Pose a question of a village in Minnesota Askov
11%
P Michigan locale named after a president of the late 20th century Clinton Township
11%
U Watery-sounding place in Quebec Gatineau
11%
J Misshapen bean found in town of Guatemala Nebaj
11%
Q Queen gives the answer to a question: going right, or to a place in Greenland? Qaqortoq
0%
No matching quizzes found
Score Distribution
Percent of People with Each Score
Percentile by Number Answered
Your Score History
You have not taken this quiz